000
00314nam a2200145Ia 4500
100
_a
Prabhu/C.S.R.
942
_c
BK
654
_a
Database
245
_a
Object Oriented Database Systems
260
_b
Prentice Hall
_a
London
_c
1998
082
_a
5.74
_b
PRA
300
_a
197
546
_a
ENGLISH
999
_c
35061
_d
35061